[Event "Yaroslav the Wise op"]
[Site "Yaroslavl"]
[Date "2018.07.28"]
[Round "9"]
[White "Skorobogatova, Anastasiya"]
[Black "Shaydullina, Sandugach"]
[Result "0-1"]
[WhiteElo "1664"]
[BlackElo "2141"]
[PlyCount "136"]
[EventDate "2018.07.20"]
[EventType "swiss"]
[EventRounds "9"]
[EventCountry "RUS"]
[SourceTitle "CBM 186 Extra"]
[Source "ChessBase"]
[SourceDate "2018.08.24"]
[SourceVersion "1"]
[SourceVersionDate "2018.08.24"]
[SourceQuality "1"]

1. d4 d5 2. Nf3 Nf6 3. c4 e6 4. Bg5 c6 5. e3 h6 6. Bh4 Bb4+ 7. Nbd2 b6 8. Be2 Bb7 9. 0-0 Nbd7 10. a3 Be7 11. cxd5 exd5 12. Rc1 0-0 13. h3 Re8 14. Bg3 c5 15. dxc5 bxc5 16. Qb3 Qb6 17. Rfd1 Rac8 18. Qxb6 axb6 19. Bb5 Red8 20. Ne5 Nf8 21. a4 Ne6 22. Nef3 c4 23. Nd4 Nc5 24. Nf5 Bf8 25. Bh4 g5 26. Bg3 Kh7 27. Be5 Kg6 28. Nd4 Nd3 29. Bxf6 Kxf6 30. Rc2 Kg6 31. b3 Nb4 32. Rc3 Na2 33. Rc2 cxb3 34. N2xb3 Rxc2 35. Nxc2 Nc3 36. Rd2 Ra8 37. Ncd4 Nxa4 38. Nc6 Nc3 39. Bd3+ Kf6 40. Ncd4 Ra2 41. Rxa2 Nxa2 42. Bb5 Nc3 43. Bd3 Bc8 44. Kf1 Bd7 45. Ke1 Ba4 46. Kd2 Bb4 47. Kc2 Ne4 48. f3 Nc5 49. Be2 Be1 50. Bd1 Nxb3 51. Nxb3 Ke5 52. Kd3 Bb5+ 53. Kc2 Bf1 54. f4+ gxf4 55. exf4+ Kxf4 56. Bf3 Ke5 57. Kd1 Bc3 58. Nc1 Bc4 59. Ne2 Bb3+ 60. Kc1 Be1 61. Kb2 Bc4 62. Kc2 b5 63. Nc1 Kd4 64. Bg4 Ke4 65. Bf3+ Ke3 66. Bg4 Bd2 67. Bf3 d4 68. Kd1 b4 0-1